NBA Trivia - Statistics

General Stats
  • This quiz has been taken 71 times
  • The average score is 10 of 15
Answer Stats
Question Answer % Correct
Who scored 100 points in a single NBA game? Wilt Chamberlain
99%
Who is the NBA all-time leading scorer? LeBron James
93%
What NBA team has NOT won a championship? Minnesota Timberwolves
87%
What team did LeBron James win his first NBA championship with? Miami Heat
84%
Who won back to back MVPs in 2005 & 2006? Steve Nash
84%
What college did LeBron James go to? None
82%
Who has the most regular season MVP awards? Kareem Abdul-Jabbar
69%
Who has the most NBA Finals MVP awards? Michael Jordan
67%
Who was the first ever NBA MVP? Bob Pettit
61%
What jersey number did Michael Jordan NOT wear in an NBA game? 9
60%
What NBA player has the most points all-time on a single team? Karl Malone (Utah Jazz)
55%
Who has the most career dunks in NBA history? Dwight Howard
48%
Who has the 2nd most NBA Finals wins & appearances behind Bill Russell? Sam Jones
45%
Which of these NBA players did NOT win three straight MVP awards? Michael Jordan
18%
Who was the first NBA team to 3-Peat? Minneapolis Lakers
16%
No matching quizzes found
Score Distribution
Percent of People with Each Score
Percentile by Number Answered
Your Score History
You have not taken this quiz